00790nam a2200181 a 4500003000200000005001700002008004100019050002800060100003300088245018100121260009200302300004000394504004100434650002900475650002600504650004700530650003100577020250519110217.0021127s19uu xx 00 eng d aPGS LB 1060b.F477 2001 aFiguracion, Martin Robert V. aThe perception of excessive TV watching from 3 to 5 hours to the academic performance of grade six students of Southville International School /cMartin Roberto V. Figuracion. aLas Piñas City, Philippines : bSouthville International School and Colleges,c2001. a20 pages :billustrations :c28 cm. aIncludes bibliographical references. aTelevision and children. aAcademic achievement. aTelevision viewingvPsychological aspects. aStudentsvTime management.